| 000 | 00683nam a22002417a 4500 | ||
|---|---|---|---|
| 005 | 20180102142341.0 | ||
| 008 | 180102b xxu||||| |||| 00| 0 eng d | ||
| 020 |
_a9788131608678 _cRs.995.00 |
||
| 040 | _aLoreto College | ||
| 041 | _aEnglish | ||
| 082 |
_a300.7 _bDAS |
||
| 100 | _aDas,D.K.Lal | ||
| 245 |
_aPractice of social research _bSocial work perspective _cD.K.Lal Das |
||
| 250 | _a2nd ed | ||
| 260 |
_aJaipur _bRawat Publications _c2017 |
||
| 300 |
_a376p _b22cm |
||
| 504 | _aIncludes bibliographical references and index | ||
| 650 | _aResearch methodology-Social sciences | ||
| 650 | _aSocial research | ||
| 650 | _aSociology | ||
| 850 | _aLCLIB | ||
| 942 | _cBK | ||
| 999 |
_c41351 _d91830 |
||